| 000 | 00662nam a2200229 u 4500 | ||
|---|---|---|---|
| 005 | 20210223131102.0 | ||
| 008 | 090902s1999 r 000 0 eng d | ||
| 020 | _a8434411768 | ||
| 035 | _aUPN01000172252 | ||
| 049 | _aCG | ||
| 050 | 4 |
_aHV6437 _bF4.2 1999 |
|
| 100 | 1 |
_aFeixa Pampols, Carles, _d1962- _937637 |
|
| 245 | 1 | 0 |
_aDe Jóvenes, bandas y tribus : _bantropología de la juventud / _cCarles Feixa. |
| 250 | _a2a ed. | ||
| 260 |
_aBarcelona, Esp. : _bAriel, _c1999. |
||
| 300 | _a287 p. | ||
| 440 | 0 |
_aAriel ; _v177 |
|
| 650 | 4 |
_aPANDILLAS _912644 |
|
| 650 | 4 |
_aSUBCULTURA _92914 |
|
| 650 | 4 |
_aINTERACCION SOCIAL EN JOVENES _914291 |
|
| 905 | _aLibro | ||
| 999 |
_c144356 _d144356 |
||